000 00599nam a2200193Ia 4500
005 20260114185558.0
008 008 260114s9999 xx 000 0 eng d
020 _a9781350142497
037 _aEBOOK
040 _aCRL
_beng
_cCRL
041 _aeng
_2eng
084 _qCRL
100 _aJ.A.E Curtis
_9871801
245 0 _aNew Drama in Russian Performance, Politics and Protest in Russia, Ukraine and Belarus
260 _bBloomsbury
_c2020
856 _uhttps://doi.org/10.5040/9781350142497?locatt=label:secondary_bloomsburyCollections
942 _cEBOOK
999 _c1470749
_d1470749